Measuring and managing cost escalation (Record no. 82979)
[ view plain ]
| 000 -LEADER | |
|---|---|
| fixed length control field | 00889cab a22002055a 4500 |
| 001 - CONTROL NUMBER | |
| control field | L152475 |
| 008 - FIXED-LENGTH DATA ELEMENTS--GENERAL INFORMATION | |
| fixed length control field | 110314s2011 xxk 000 0 eng d |
| 035 ## - SYSTEM CONTROL NUMBER | |
| System control number | (Sirsi) u152475 |
| 041 0# - LANGUAGE CODE | |
| Language code of text/sound track or separate title | eng |
| 100 1# - MAIN ENTRY--PERSONAL NAME | |
| Personal name | Morris, Peter |
| 245 00 - TITLE STATEMENT | |
| Title | Measuring and managing cost escalation |
| 260 ## - PUBLICATION, DISTRIBUTION, ETC. | |
| Date of publication, distribution, etc. | 2011 |
| 490 ## - SERIES STATEMENT | |
| Series statement | Project Control Professional |
| Volume/sequential designation | 49(2) March 2011, 14-20(7) |
| 520 ## - SUMMARY, ETC. | |
| Summary, etc. | Examines methods of quantifying and managing cost escalation on an individual project which is critical for owners and contractors in order to ensure that there are sufficient funds to deliver the final programme in budget and on schedule; construction projects, escalation factors, risk factors, market factors, measuring cost escalation, managing escalation. |
| 590 ## - LOCAL NOTE (RLIN) | |
| Local note | KA |
| 651 #4 - SUBJECT ADDED ENTRY--GEOGRAPHIC NAME | |
| Geographic name | International |
| 690 ## - LOCAL SUBJECT ADDED ENTRY--TOPICAL TERM (OCLC, RLIN) | |
| Topical term or geographic name as entry element | BUILT ENVIRONMENT-BUILDING COSTS |
| 700 1# - ADDED ENTRY--PERSONAL NAME | |
| Personal name | Willson, William F. |
| 942 ## - ADDED ENTRY ELEMENTS (KOHA) | |
| Suppress in OPAC | 0 |
| Withdrawn status | Lost status | Source of classification or shelving scheme | Damaged status | Not for loan | Home library | Current library | Shelving location | Date acquired | Total Checkouts | Full call number | Barcode | Date last seen | Copy number | Price effective from | Koha item type |
|---|---|---|---|---|---|---|---|---|---|---|---|---|---|---|---|
| Dewey Decimal Classification | London | London | Journal article | 14/03/2011 | L152475 | 152475-1001 | 06/08/2019 | 1 | 06/08/2019 | Journal article |